000 00543nam a2200241Ia 4500
003 OSt
005 20221005120919.0
006 a|||||r|||| 00| 0
007 ta
008 221004b |||||||| |||| 00| 0 eng d
020 _a9782110034779
024 _a21890
037 _cTextual
040 _aCRL
_cCRL
_beng
041 _2eng
_aeng
082 _an43,N96, N6
245 0 _aFrance
260 _c1996
300 _a264p.
_ccm.
650 _aGENERALIA
942 _hn43,N96, N6
_cTEXL
_2cc
999 _c1039519
_d1039519